| 000 | 00978nam a2200241Ia 4500 | ||
|---|---|---|---|
| 001 | 10443 | ||
| 003 | GE_BSU | ||
| 008 | 181216s||||||||xx |||||||||||||| ||und|| | ||
| 020 | _a9994087606 | ||
| 040 | _cGE_BSU | ||
| 080 | _a821.353.1-3+821.353.1-311.6 | ||
| 100 | _aაბაშიძე,გრიგოლ | ||
| 245 | _aქართული პროზა წ.44:ლაშარელა;დიდი ღამე. | ||
| 245 | _bწ.44:ლაშარელა;დიდი ღამე. | ||
| 245 | _cსარედ.კოლ:გრ.აბაშიძე და სხვ. რედ:ნინო სარჯველაძე;მხატვ:დავით დუნდუა. | ||
| 260 | _aთბილისი | ||
| 260 | _bსაქართველო-3 | ||
| 260 | _c2006 | ||
| 300 | _a896გვ;20სმ. | ||
| 541 | _h10ლ. | ||
| 653 | _aქართული პროზა/წ.44:ლაშარელა;დიდი ღამე. | ||
| 942 | _cBK | ||
| 999 |
_c43702 _d43702 |
||